LIBRARY ONLINE CATALOGUE

Data communications and distributed networks / (Record no. 10824)

MARC details
000 -LEADER
fixed length control field 00795nam a22002412 4500
001 - CONTROL NUMBER
control field 0000005164
005 - DATE AND TIME OF LATEST TRANSACTION
control field 20151217154351.0
008 - FIXED-LENGTH DATA ELEMENTS--GENERAL INFORMATION
fixed length control field 070607s xx 000 0 eng d
020 ## - INTERNATIONAL STANDARD BOOK NUMBER
International Standard Book Number 8120309251 :
Terms of availability KES 540
040 ## - CATALOGING SOURCE
Original cataloging agency KABU
Transcribing agency KABU
050 #0 - LIBRARY OF CONGRESS CALL NUMBER
Classification number TK5105
Item number .B53 1993
100 1# - MAIN ENTRY--PERSONAL NAME
Personal name Black, Uyless D.
-- 0000147960
245 10 - TITLE STATEMENT
Title Data communications and distributed networks /
Statement of responsibility, etc. Uyless D. Black.
250 ## - EDITION STATEMENT
Edition statement 3rd ed.
260 ## - PUBLICATION, DISTRIBUTION, ETC. (IMPRINT)
Place of publication, distribution, etc. New Delhi :
Name of publisher, distributor, etc. Prentice-Hall of India,
Date of publication, distribution, etc. c1993.
300 ## - PHYSICAL DESCRIPTION
Extent xvi, 426 p. ;
Dimensions 24 cm.
650 #0 - SUBJECT ADDED ENTRY--TOPICAL TERM
Topical term or geographic name as entry element Data transmission systems.
-- 0000156307
650 #0 - SUBJECT ADDED ENTRY--TOPICAL TERM
Topical term or geographic name as entry element Computer networks.
-- 0000148214
650 #0 - SUBJECT ADDED ENTRY--TOPICAL TERM
Topical term or geographic name as entry element Electronic data processing
General subdivision Distributed processing.
-- 0000148188
908 ## - PUT COMMAND PARAMETER (RLIN)
Put command parameter 070607
950 ## - LOCAL HOLDINGS (RLIN)
-- 1
Holdings
Withdrawn status Lost status Source of classification or shelving scheme Not for loan Home library Current library Date acquired Total Checkouts Full call number Barcode Date last seen Price effective from Koha item type
    Library of Congress Classification   Kabarak, Main Campus Kabarak, Main Campus 17/12/2015   TK5105 .B53 1993 009518 17/12/2015 17/12/2015 General Collection